000 00332nam a2200121Ia 4500
008 201214s9999 xx 000 0 und d
100 _aAlexander Hamilton Institute
245 0 _aHow to develop the right Management Information System.
260 _aNew York
260 _bAlexander Hamilton Institute
300 _a110
942 _cBK
999 _c5876
_d5876